| 000 | 00416nam a2200145Ia 4500 | ||
|---|---|---|---|
| 008 | 230917s9999||||xx |||||||||||||| ||und|| | ||
| 040 |
_e52693 _aMAIN |
||
| 041 | _aEnglish | ||
| 082 | _a341.2 C571S | ||
| 100 | _aClauder, Inis L | ||
| 245 | 0 | _aSwords into plowshares: The problems and progress of international organization | |
| 260 |
_aLondon _bUniversity of London _c1964 |
||
| 300 | _axiv, 458 p. | ||
| 942 | _cBK | ||
| 999 |
_c183731 _d183731 |
||